000 01034cam a2200229 4500
001 WB3823-13
008 020625n2002 000 0 eng u
035 _a(Sirsi) u118515
245 _aSmall homes fail to satisfy public
260 _c2002
490 _aPlanning (for the Natural and Built Environment)
_v21 June 2002, 3(1)
520 _aA Housing Corporation study of an urban extension north of Swindon has found that women especially find their homes too small to allow for changing household dynamics. The study advises that planners and developers need to rethink their building range, recommending that services should be clustered around a central neighbourhood hub rather than using the house as multi-functional space. "But will we want to live there" can be viewed at http://www.women2020.com/report/summary_1.zip
590 _aWB
650 _aURBAN HOUSING
650 _aSWINDON
650 _aSTUDIES
650 _aPLANNING
650 _aDEVELOPERS
650 _aWOMEN
690 _aHOUSING
942 _n0
999 _c70561
_d70561